| 000 | 00575nam a2200205Ii 4500 | ||
|---|---|---|---|
| 003 | JO-AjNU | ||
| 008 | 230606s9999||||xx |||||||||||||| ||und|| | ||
| 020 | _a978-8120-4694-6/8120-4694-3 | ||
| 040 |
_aJO-AjNU _beng _erda _cJO-AjNU |
||
| 041 | _aeng | ||
| 050 | 1 | 4 | _aPS94.S54 1992 |
| 100 | 3 |
_aSkipp, Francis, _eauthor _92298 |
|
| 245 | 0 | 0 | _aAmerican Literature |
| 264 | 3 | 1 | _aAmerican:Barrons ,1992 |
| 300 | _a138p | ||
| 336 |
_atext _btxt _2rdacontent |
||
| 337 |
_aunmediated _bn _2rdamedia |
||
| 338 |
_avolume _bnc _2rdacarrier |
||
| 650 | 4 |
_aAmerican literature _92299 |
|
| 999 |
_aE1202 _c1202 _d1202 |
||